000 00659cab a2200217 4500
001 WB3139-65
008 090401t1995 xxu||||| |||| 00| 0 eng d
035 _a(Sirsi) u3103
041 _aeng
245 _aObtaining IACS field numbers
260 _c1995
350 _a0
490 _aMAFF News Release
_v(364/95) 17 October 1995, (2)
520 _aOutlines the new service available from MAFF Regional Service Centres for obtaining field numbers; a measure designed to combat fraud.
650 _aFIELD NUMBERING SERVICE
650 _aFIELD NUMBERS
650 _aIACS FIELD NUMBERS
690 _aRURAL PRACTICE
942 _n0
948 _c04/03/1997
999 _c1879
_d1879